Touhou Places - Statistics

General Stats
  • This quiz has been taken 282 times
  • The average score is 2 of 6
Answers on the Grid
Answers color-coded by a green-red scale on the quiz's grid according to % correct below.
Gensoukyo
Sekibanki
Banboo Forest of the Lost
Makai
Reimu Shrine
Youkai Mountain
Wind God's Lake
Mountain of Faith
Kyoto
Moriya Shrime
Mugetsu's Unnamed World
Yuuka's House
 
Answer Stats
Answer % Correct
Gensoukyo
82%
Youkai Mountain
31%
Makai
24%
Wind God's Lake
13%
Cannon
But most dont know
Kyoto
8%
Mugetsu's Unnamed World
5%
No matching quizzes found
Score Distribution
Percent of People with Each Score
Percentile by Number Answered
Your Score History
You have not taken this quiz